000 00454nam a2200157Ia 4500
008 210210b1985 xxu||||| |||| 00| 0 eng d
082 _a659.2 MOOP
100 _aMOORE (H Frazier) and KALUPA (Frank B).
245 _aPublic relations: principles, cases and problems. Ed 9.
250 _a
260 _aDelhi.
_bSurjeet Publications.,
_c1985
300 _axix,647
650 _aPublic Relations, Cases
690 _aPublic Relations
906 _a047909
999 _c96715
_d96715